| 000 -LEADER |
| fixed length control field |
00551cam a2200157Mi 4500 |
| 020 ## - INTERNATIONAL STANDARD BOOK NUMBER |
| ISBN |
9789251065457 |
| 020 ## - INTERNATIONAL STANDARD BOOK NUMBER |
| ISBN |
9251065454 |
| 040 ## - CATALOGING SOURCE |
| Transcribing agency |
NLGGC |
| 082 ## - DEWEY DECIMAL CLASSIFICATION NUMBER |
| Classification number |
636 FOO 2010 A056 Or. |
| 100 1# - MAIN ENTRY--AUTHOR NAME |
| Personal name |
Hemme, Torsten. |
| 245 10 - TITLE STATEMENT |
| Title |
Status and prospects for smallholder milk production : |
| Remainder of title |
a global perspective / |
| 260 ## - PUBLICATION, DISTRIBUTION, ETC. (IMPRINT) |
| Place of publication |
Rome : |
| Name of publisher |
Food and agriculture organization of the United nations (FAO). Pro-poor livestock policy initiative (PPLPI), |
| Year of publication |
2010. |
| 300 ## - PHYSICAL DESCRIPTION |
| Number of Pages |
181 p. : |
| Other physical details |
ill., graphs, maps, tabs. ; |
| Dimensions |
31 cm. |
| 700 1# - ADDED ENTRY--PERSONAL NAME |
| Personal name |
Otte, Joachim. |
| 942 ## - ADDED ENTRY ELEMENTS (KOHA) |
| Koha item type |
សៀវភៅភាសាអង់គ្លេស |
| 952 ## - LOCATION AND ITEM INFORMATION (KOHA) |
| Withdrawn status [LOCAL, KOHA] |
0 |